El matrimonio invertebrado : (Registro nro. 22155)

Detalles MARC
000 -Cabecera
Campo de control interno 00567nam a22002057a 4500
005 - Fecha y hora del registro
control field 20260330105004.0
008 - Elementos de Longitud Fija
fixed length control field 260330b |||||||| |||| 00| 0 spa d
041 ## - Idioma
Codigo Idioma ESP
082 ## - DEWEY y NOTACIÓN INTERNA
Dewey 346.2
Notación Interna M26
100 ## - AUTOR
Autor denominación Martínez de Aguirre Aldaz, José Gabriel
245 ## - TÍTULO DE MATERIAL BIBLIOGRÁFICO
Título El matrimonio invertebrado :
Título paralelo evolución y crítica de la legislación matrimonial en España (1981-2011)
260 ## - CIUDAD, EDITORIAL, AÑO
Ciudad :
Nombre de la Editorial ,
Año 2012
300 ## - DESCRIPCIÓN
N° Páginas 122 páginas :
Otros detalles ;
Dimensiones 20 cm.
440 ## - MENCIÓN DE SERIE
Título de la Serie ;
650 ## - TEMAS
Temas Ciencias Sociales
654 ## - PROGRAMAS
Programa Dpto. de Humanidades
700 ## - OTROS AUTORES
Otros autores ;
942 ## - ELEMENTOS DE KOHA
Tipo de documento Libro
Nombre del creador Justo Noguera
Código de catalogador Justo Noguera
Esquema de clasificación Dewey Decimal Classification
Existencias
Codigo completo Registro Colección Copia número Disponibilidad Tipo de préstamo Biblioteca Actual Procedencia (Biblioteca) Ubicacón Fecha Ingreso Tipo de Adquisición Date last seen Total checkouts Price effective from Tipo de Item Estado del Material Fuente de Clasificación Damaged status Withdrawn status
346.2 M26 1009861 Universidad Católica San Pablo 1 Disponible Disponible Víctor Andrés Belaunde Víctor Andrés Belaunde Primer piso 30/03/2026 Compra 30/03/2026   30/03/2026 Libro Bueno Dewey Decimal Classification